| 000 | 00882cam a2200277 a 4500 | ||
|---|---|---|---|
| 008 | |||
| 020 | _a0471109401 (pbk.) | ||
| 049 | _aMAIN | ||
| 090 |
_aSD387.S86 _bSHI |
||
| 100 | 1 | _aShiver, Barry D. | |
| 245 | 1 | 0 |
_aSampling techniques for forest resource inventory / _cBarry D. Shiver and Bruce E. Borders. |
| 260 |
_aNew York : _bWiley, _c1996. |
||
| 300 |
_axii, 356 p. : _bill. ; _c24 cm. |
||
| 504 | _aIncludes bibliographical references. | ||
| 500 | _aincludes index. | ||
| 650 | 0 |
_aForest surveys _xStatistical methods. |
|
| 650 | 0 |
_aForests and forestry _xStatistical methods. |
|
| 650 | 0 | _aSampling (Statistics). | |
| 653 | 0 |
_aForests _aManagement. |
|
| 700 | 1 | _aBorders, Bruce E. | |
| 907 |
_a.b10324379 _b12-12-12 _c10-12-12 |
||
| 003 | |||
| 005 | 20230123125509.0 | ||
| 040 | _cNUST | ||
| 942 |
_cBOOKS _kSD387.S86 _mSHI |
||
| 999 |
_c142563 _d142563 |
||